Stochastic modeling: analysis and simulation
Gespeichert in:
| 1. Verfasser: | |
|---|---|
| Format: | Buch |
| Sprache: | Englisch |
| Veröffentlicht: |
Nueva York
Dover
2002
|
| Schlagworte: | |
| Tags: |
Tag hinzufügen
Keine Tags, Fügen Sie den ersten Tag hinzu!
|
MARC
| LEADER | 00000nam a2200000 a 4500 | ||
|---|---|---|---|
| 001 | UCL4837 | ||
| 003 | CL-VaPUC | ||
| 008 | 040227e20020000us |||||||||||||||||eng|d | ||
| 020 | |a 048642569X | ||
| 082 | 0 | 4 | |a 519.23 |b NEL |2 21 |
| 100 | |a Nelson, Barry L. |e author |9 543860 | ||
| 245 | 1 | 0 | |a Stochastic modeling: analysis and simulation |
| 300 | |a 321 p | ||
| 942 | |c BK | ||
| 945 | |d 20040227 00:00:00 |a cmena | ||
| 260 | |a Nueva York |b Dover |c 2002 | ||
| 650 | 0 | |a Modelos Estocasticos |9 384810 | |
| 650 | 0 | |a Teoría de probabilidades |9 336944 | |
| 650 | 0 | |a Estadística matemática |9 260028 | |
| 583 | |a last modification |c 20150504 04:48:06 |k Rodrigo Vera | ||
| 999 | |c 307595 |d 307593 | ||